| 000 | 02326nam a22003377a 4500 | ||
|---|---|---|---|
| 005 | 20100723122349.0 | ||
| 008 | 100412t xxu||||| |||| 00| 0 ur d | ||
| 020 |
_c150.00 _a9788182236196 |
||
| 035 | _aB-395166-172 | ||
| 037 | _bEducational Publishing House | ||
| 040 |
_adpl _bur |
||
| 082 | _aک | ||
| 100 |
_aعبيد اللہ چودھری _9616 |
||
| 245 |
_aٹوٹا ہوا سہا را / _c عبيداللہ چودھری _b |
||
| 246 |
_aMuft Mashwara / _bby Obaid-ullah Chaudhry |
||
| 260 |
_a دلّی _bايجو کيشنل پبلشنگ ہاؤس _c2010 |
||
| 270 |
_a3108,VakilStreet, Kucha Pandit, Lal Kuan _b Delhi _e110006 _k23216162, 23214465 _minfo@ephbooks.com,ephdelhi@yahoo.com _l0091-11-23211540 |
||
| 300 |
_a134ص _b22 س م (Hb) |
||
| 500 | _a | ||
| 600 |
_aکہبنی _9966 |
||
| 600 |
_aStory _9967 |
||
| 942 |
_2ddc _cUR _hک _mع ب ے |
||
| 999 |
_c37371 _d37371 |
||